000 00701nam a2200217 i 4500
001 115404
003 ES-MaACL
005 20250825062554.0
007 t|
008 070308s1931 sp ||||1| spa d
080 _a821.134.1-23"19"
100 1 _aDomingo, Marcelino,
_d1884-1939
_945120
245 1 0 _aEncadenadas
_b: drama en tres actos /
_cMarcelino Domingo.
260 _aMadrid :
_bPrensa Moderna,
_c1931.
300 _a101 ;
_c17 cm.
490 1 _aEl Teatro moderno ;
_v300
500 _aEstrenada en el teatro Campos ElĂ­seos, de Bilbao, el 11 de diciembre de 1930.
830 0 3 _aEl teatro moderno (Prensa Moderna)
_v300
_9182365
852 _aES-MaACL
_jC-13141
999 _c115404
_d115404